[Event "European Youth Chess Championship G16"]
[Site "Prague, Top Hotel Prague"]
[Date "2016.08.25"]
[Round "7.4"]
[White "Antolak, Julia"]
[Black "Obolentseva, Alexandra"]
[Result "0-1"]
[WhiteElo "2103"]
[BlackElo "2339"]
[PlyCount "82"]
[EventDate "2016.08.18"]

1. e4 c5 2. Nf3 d6 3. d4 cxd4 4. Nxd4 Nf6 5. Nc3 a6 6. Be3 e6 7. g4 d5 8. e5
Nfd7 9. f4 Bb4 10. Bg2 Nb6 11. O-O Nc4 12. Bc1 Qh4 13. h3 Bxc3 14. bxc3 Qe7 15.
Qf3 Nc6 16. Nxc6 bxc6 17. Be3 Qa3 18. Qf2 Qxc3 19. Bc5 a5 20. Kh1 a4 21. Qh4 f6
22. Qh5+ Kd8 23. Qf7 Bd7 24. Qxg7 Kc7 25. Bd6+ Nxd6 26. exd6+ Kxd6 27. Rab1
Rag8 28. Qf7 Kc7 29. f5 exf5 30. Rxf5 Qxc2 31. Rbf1 Rf8 32. Qg7 Qxa2 33. Bxd5
cxd5 34. Rc1+ Kd8 35. Rxf6 Qa3 36. Rxf8+ Rxf8 37. Qg5+ Qe7 38. Qxd5 Qe3 39.
Qa5+ Ke8 40. Re1 Bc6+ 41. Kh2 Rf2+ 0-1

[Event "European Youth Chess Championship G16"]
[Site "Prague, Top Hotel Prague"]
[Date "2016.08.25"]
[Round "7.5"]
[White "Radeva, Viktoria"]
[Black "Avetisyan, Mariam"]
[Result "1-0"]
[WhiteElo "2080"]
[BlackElo "2079"]
[PlyCount "95"]
[EventDate "2016.08.18"]

1. e4 e6 2. d4 d5 3. Nd2 Be7 4. Bd3 c5 5. dxc5 Nf6 6. exd5 Qxd5 7. Ngf3 Nbd7 8.
O-O Nxc5 9. Bc4 Qh5 10. b3 O-O 11. Bb2 b6 12. Ne5 Qxd1 13. Raxd1 Bb7 14. Ndf3
Nd5 15. Nd4 Bf6 16. Ng4 Be7 17. Rfe1 Rad8 18. Bb5 Rc8 19. Ne5 Bf6 20. Bf1 Rfd8
21. c4 Nb4 22. Nb5 Be7 23. a3 Nc2 24. Rxd8+ Rxd8 25. Re2 Be4 26. b4 f5 27. bxc5
Bxc5 28. Bc3 Nxa3 29. Nxa3 Bxa3 30. Ra2 Bc5 31. Rxa7 b5 32. Rd7 Rxd7 33. Nxd7
b4 34. Bb2 Be7 35. c5 Bc6 36. Ne5 Ba4 37. c6 Bd6 38. Bc4 Bxe5 39. Bxe5 Kf7 40.
c7 Bd7 41. Bd6 Bc8 42. Bxb4 Kf6 43. f4 g5 44. g3 gxf4 45. gxf4 Kg6 46. Kf2 Kh5
47. Be2+ Kh4 48. Kg2 1-0

[Event "European Youth Chess Championship G16"]
[Site "Prague, Top Hotel Prague"]
[Date "2016.08.25"]
[Round "7.6"]
[White "Leser, Katrin"]
[Black "Sliwicka, Alicja"]
[Result "1/2-1/2"]
[WhiteElo "1979"]
[BlackElo "2138"]
[PlyCount "106"]
[EventDate "2016.08.18"]

1. e4 e5 2. Nf3 Nc6 3. Bb5 a6 4. Ba4 Nf6 5. O-O Be7 6. Re1 b5 7. Bb3 d6 8. c3
O-O 9. h3 Nb8 10. d4 Nbd7 11. Nbd2 Bb7 12. Bc2 Re8 13. Nf1 Bf8 14. Ng3 g6 15.
b3 c5 16. d5 Nb6 17. Be3 Nfd7 18. Nd2 h5 19. Qe2 Bg7 20. Reb1 Rf8 21. a4 h4 22.
Ngf1 f5 23. a5 Nc8 24. Nf3 f4 25. Bd2 Qf6 26. N1h2 g5 27. Ng4 Qg6 28. Be1 Ne7
29. Rd1 Kf7 30. Bd3 Ke8 31. Nfh2 Ng8 32. f3 Bc8 33. Bd2 Ngf6 34. Nxf6+ Nxf6 35.
Be1 Nh5 36. b4 c4 37. Bc2 Bf6 38. Bf2 Bd8 39. Qd2 Ng3 40. Re1 Rb8 41. Bd1 Rb7
42. Qc2 Rh7 43. Ra2 Qg7 44. Rb2 Bc7 45. Ra2 Bb8 46. Bb6 Qb7 47. Bf2 Bd7 48. Rb2
Qc8 49. Ng4 Rhf7 50. Ra2 Nh5 51. Kh2 Bxg4 52. fxg4 Ng3 53. Bf3 Qb7 1/2-1/2

[Event "European Youth Chess Championship G16"]
[Site "Prague, Top Hotel Prague"]
[Date "2016.08.25"]
[Round "7.7"]
[White "Pasoglou, Ekaterini"]
[Black "Bojicic, Andjela"]
[Result "1/2-1/2"]
[WhiteElo "1938"]
[BlackElo "2110"]
[PlyCount "90"]
[EventDate "2016.08.18"]

1. d4 Nf6 2. c4 g6 3. Nc3 Bg7 4. e4 d6 5. Be2 O-O 6. Be3 c5 7. d5 a6 8. a4 Re8
9. Nf3 Bg4 10. h3 Bxf3 11. Bxf3 Qb6 12. Qc2 Nfd7 13. a5 Qc7 14. O-O Bd4 15.
Bxd4 cxd4 16. Ne2 d3 17. Qxd3 Ne5 18. Qd4 Qc8 19. Qc3 Qxc4 20. Qxc4 Nxc4 21.
Rfc1 Ne5 22. Rc7 Nbd7 23. Nd4 Rab8 24. Be2 Nc5 25. b4 Ncd3 26. Rd1 Nf4 27. Kf1
g5 28. Nf5 Kf8 29. h4 gxh4 30. Nxh4 Rec8 31. Rdc1 Rxc7 32. Rxc7 Ke8 33. Nf5 Kd8
34. Rc3 b6 35. axb6 Rxb6 36. Rb3 e6 37. dxe6 fxe6 38. Nd4 Nc6 39. Nxc6+ Rxc6
40. Rb1 Rb6 41. g3 Nxe2 42. Kxe2 Kd7 43. Kd3 Kc6 44. f4 d5 45. g4 Rb7 1/2-1/2

[Event "European Youth Chess Championship G16"]
[Site "Prague, Top Hotel Prague"]
[Date "2016.08.25"]
[Round "7.8"]
[White "Broly, Mathilde"]
[Black "Frej, Zofia"]
[Result "1/2-1/2"]
[WhiteElo "2098"]
[BlackElo "1881"]
[PlyCount "103"]
[EventDate "2016.08.18"]

1. e4 e6 2. d4 d5 3. Nd2 dxe4 4. Nxe4 Nd7 5. Nf3 Ngf6 6. Bd3 c5 7. O-O Nxe4 8.
Bxe4 Bd6 9. c3 Nf6 10. Bc2 Bd7 11. dxc5 Bxc5 12. Ne5 Bc6 13. Nxc6 Qxd1 14. Rxd1
bxc6 15. Ba4 Rc8 16. b4 Bxf2+ 17. Kxf2 Ne4+ 18. Kg1 Nxc3 19. Bb2 Nxa4 20. Bxg7
Rg8 21. Bd4 Nb6 22. Rac1 Rg5 23. a3 Rd5 24. Bc5 Kd7 25. Rf1 f5 26. Rf3 Rg8 27.
Rh3 Rg7 28. Bf8 Rf7 29. Bh6 e5 30. Be3 f4 31. Bc5 e4 32. Rh6 e3 33. Bxb6 axb6
34. Rhxc6 Rd1+ 35. Rxd1+ Kxc6 36. Kf1 f3 37. Re1 fxg2+ 38. Kxg2 Kb5 39. Rxe3
Ka4 40. Kg3 Rf6 41. Kg4 Rd6 42. Kg5 Rd5+ 43. Kh6 Rd4 44. Kg5 Rd5+ 45. Kh6 Rd4
46. h3 Rh4+ 47. Kg5 Rd4 48. h4 h6+ 49. Kh5 b5 50. Rh3 Rd6 51. Kg4 Rd5 52. Kf4
1/2-1/2

[Event "European Youth Chess Championship G16"]
[Site "Prague, Top Hotel Prague"]
[Date "2016.08.25"]
[Round "7.9"]
[White "Panainte, Andreea-Bianca"]
[Black "Redondo, Benavente Ana"]
[Result "0-1"]
[WhiteElo "1799"]
[BlackElo "2088"]
[PlyCount "104"]
[EventDate "2016.08.18"]

1. e4 e6 2. c4 d5 3. exd5 exd5 4. cxd5 Nf6 5. Qa4+ Nbd7 6. Bc4 Be7 7. Nc3 O-O
8. Nge2 Nb6 9. Qb3 Nxc4 10. Qxc4 a6 11. a3 b5 12. Qb3 Bb7 13. O-O Nxd5 14. d4
Qd7 15. Rd1 Rad8 16. f3 Qe6 17. Nxd5 Bxd5 18. Qc2 Bb3 19. Qd2 Bxd1 20. Qxd1 c5
21. Bf4 cxd4 22. Qd3 Qc4 23. Rd1 Rfe8 24. Nc1 Bf6 25. b3 Qd5 26. b4 Qc4 27. Bd2
Rc8 28. Kf1 Qc2 29. Qxc2 Rxc2 30. Nd3 Ra2 31. Nc5 Rxa3 32. Ne4 d3 33. Rc1 Bd4
34. Nd6 Rd8 35. Nf5 Ra1 36. Nxd4 Rxc1+ 37. Bxc1 Rxd4 38. Bd2 f5 39. g3 g5 40.
Ke1 f4 41. Bc3 Rd5 42. g4 Kf7 43. Kd2 Rd6 44. h3 Ke6 45. Bg7 Kd7 46. Be5 Rd5
47. Bf6 Kc6 48. Bg7 a5 49. Bc3 a4 50. Bb2 Rd6 51. Be5 Re6 52. Bd4 Re3 0-1

[Event "European Youth Chess Championship G16"]
[Site "Prague, Top Hotel Prague"]
[Date "2016.08.25"]
[Round "7.10"]
[White "Rogozenco, Teodora"]
[Black "Cieslak, Wiktoria"]
[Result "1-0"]
[WhiteElo "2071"]
[BlackElo "1865"]
[PlyCount "49"]
[EventDate "2016.08.18"]

1. d4 Nf6 2. c4 e6 3. Nc3 Bb4 4. Qc2 O-O 5. Nf3 c5 6. dxc5 Na6 7. g3 Nxc5 8.
Bg2 Nce4 9. O-O Nxc3 10. bxc3 Be7 11. e4 d6 12. e5 dxe5 13. Nxe5 Qc7 14. Qe2
Bd6 15. Re1 Nd7 16. Bf4 Nb6 17. Rad1 Re8 18. Be4 f6 19. Bxh7+ Kh8 20. Qh5 fxe5
21. Bg6+ Kg8 22. Qh7+ Kf8 23. Qh8+ Ke7 24. Bg5+ Kd7 25. Bxe8# 1-0

[Event "European Youth Chess Championship G16"]
[Site "Prague, Top Hotel Prague"]
[Date "2016.08.25"]
[Round "7.11"]
[White "Ayan, Bengu Sena"]
[Black "Kochukova, Anna"]
[Result "0-1"]
[WhiteElo "1835"]
[BlackElo "2041"]
[PlyCount "140"]
[EventDate "2016.08.18"]

1. d4 Nf6 2. c4 e6 3. Nf3 b6 4. g3 Bb7 5. Bg2 Be7 6. O-O d5 7. cxd5 exd5 8. Nc3
O-O 9. Ne5 Na6 10. Bf4 c5 11. dxc5 Nxc5 12. Nb5 Ne6 13. Nd3 Qd7 14. a4 a6 15.
Ne5 Qe8 16. Nd4 Nxf4 17. gxf4 Bd6 18. Qb3 Bxe5 19. fxe5 Qxe5 20. Qxb6 Rab8 21.
e3 Ng4 22. Nf3 Qh5 23. Qd4 Rfe8 24. h3 Nf6 25. Qh4 Qg6 26. Qg5 Qd3 27. Rfd1 Qc4
28. Rd4 Qc7 29. Rf4 h6 30. Qh4 Re4 31. Rxe4 Nxe4 32. Nd4 Qd7 33. Qg4 Qd8 34. b4
Bc8 35. Qf4 Rb6 36. Rc1 Bd7 37. Bxe4 dxe4 38. Kh2 Rf6 39. Qg3 Bxa4 40. Rg1 Rg6
41. Qe5 Rxg1 42. Kxg1 Qg5+ 43. Qxg5 hxg5 44. Kg2 Kf8 45. Ne2 Ke7 46. Nc3 Bc6
47. Kg3 f5 48. h4 gxh4+ 49. Kxh4 Kf6 50. Ne2 Be8 51. Nc3 g5+ 52. Kh3 Ke5 53.
Kg3 Bd7 54. Kg2 f4 55. Kh2 g4 56. Kg2 Be8 57. Kh2 g3+ 58. Kg2 gxf2 59. exf4+
Kxf4 60. Kxf2 e3+ 61. Ke1 Bc6 62. Ke2 Bb5+ 63. Ke1 Bd3 64. Nd5+ Ke4 65. Nxe3
Kxe3 66. Kd1 Kd4 67. Kc1 Kc3 68. Kd1 Kxb4 69. Kd2 Bh7 70. Kc1 Kb3 0-1

[Event "European Youth Chess Championship G16"]
[Site "Prague, Top Hotel Prague"]
[Date "2016.08.25"]
[Round "7.12"]
[White "Koehler, Inken"]
[Black "Jibuti, Nata"]
[Result "0-1"]
[WhiteElo "2008"]
[BlackElo "1761"]
[PlyCount "100"]
[EventDate "2016.08.18"]

1. e4 c5 2. Nf3 d6 3. Bb5+ Bd7 4. Bxd7+ Qxd7 5. c4 Nf6 6. Nc3 g6 7. d4 cxd4 8.
Nxd4 Bg7 9. f3 O-O 10. Be3 Nc6 11. Nde2 a6 12. Na4 Rab8 13. Nb6 Qc7 14. Nc3 Ne5
15. b3 Ned7 16. Ncd5 Nxd5 17. Nxd5 Qa5+ 18. Bd2 Qd8 19. Rc1 e6 20. Nb4 Qh4+ 21.
g3 Qh3 22. Kf2 f5 23. exf5 Bd4+ 24. Be3 Bxe3+ 25. Kxe3 Qxf5 26. Nd3 e5 27. Nf2
Nf6 28. Rf1 Rbe8 29. Ne4 Nxe4 30. Qd5+ Kh8 31. Qxe4 Qg5+ 32. Ke2 Qe7 33. Rcd1
b5 34. cxb5 axb5 35. Qd5 e4 36. f4 Ra8 37. Rd2 b4 38. Qd4+ Rf6 39. Qxb4 Rc8 40.
Ke3 Re6 41. Rfd1 Rc6 42. a4 Qc7 43. Rd4 Rc3+ 44. Ke2 Rc2+ 45. Ke1 Rxh2 46. Rxd6
Rxd6 47. Qxd6 Qc3+ 48. Rd2 Qc1+ 49. Rd1 Qe3+ 50. Kf1 Qf2# 0-1

[Event "European Youth Chess Championship G16"]
[Site "Prague, Top Hotel Prague"]
[Date "2016.08.25"]
[Round "7.13"]
[White "Grigoryan, Arpine"]
[Black "Karykowska, Anna"]
[Result "1/2-1/2"]
[WhiteElo "1964"]
[BlackElo "1772"]
[PlyCount "57"]
[EventDate "2016.08.18"]

1. e4 c5 2. Nf3 a6 3. c3 e6 4. d4 d5 5. e5 Bd7 6. Bd3 cxd4 7. cxd4 Bb5 8. O-O
Bxd3 9. Qxd3 Nc6 10. Nc3 Nge7 11. Rd1 Nf5 12. Bg5 Qa5 13. a3 h6 14. b4 Qc7 15.
Rac1 Qd8 16. b5 Na5 17. bxa6 bxa6 18. Na4 Be7 19. Rb1 O-O 20. Nb6 Rb8 21. Bd2
Nc6 22. Na4 Rb5 23. g4 Nh4 24. Nxh4 Bxh4 25. f4 f6 26. Rbc1 Qe8 27. Rf1 fxe5
28. fxe5 Rxf1+ 29. Rxf1 1/2-1/2

[Event "European Youth Chess Championship G16"]
[Site "Prague, Top Hotel Prague"]
[Date "2016.08.25"]
[Round "7.14"]
[White "Ayazmali, Gizem"]
[Black "Cvitan, Ena"]
[Result "1/2-1/2"]
[WhiteElo "1816"]
[BlackElo "2045"]
[PlyCount "97"]
[EventDate "2016.08.18"]

1. e4 c5 2. Nf3 Nc6 3. Nc3 g6 4. d4 cxd4 5. Nxd4 Bg7 6. Be3 Nf6 7. Bc4 O-O 8.
Bb3 d6 9. O-O Ng4 10. Nxc6 bxc6 11. Qd2 Nxe3 12. Qxe3 Ba6 13. Rfe1 c5 14. Rad1
Rb8 15. Nd5 e6 16. Nf4 Qe7 17. c4 Bxb2 18. Qd2 Bd4 19. Ne2 e5 20. Qh6 Qf6 21.
Nxd4 cxd4 22. Rd3 Rbc8 23. Rc1 Rc5 24. Rf3 Qg7 25. Qh4 f6 26. h3 g5 27. Qg4 Bc8
28. Qg3 Qg6 29. Re1 Be6 30. Rd3 Rfc8 31. Rdd1 h5 32. Qd3 Qf7 33. Qd2 Bxc4 34.
Bxc4 Qxc4 35. h4 Qc2 36. Qb4 g4 37. Rc1 Qxc1 38. Rxc1 Rxc1+ 39. Kh2 R1c6 40.
Qb3+ Kg7 41. Qa3 R8c7 42. f3 gxf3 43. Qxf3 Rc3 44. Qxh5 d3 45. Qg4+ Kf7 46.
Qh5+ Ke7 47. Qh7+ Kd8 48. Qg8+ Kd7 49. Qf7+ 1/2-1/2

[Event "European Youth Chess Championship G16"]
[Site "Prague, Top Hotel Prague"]
[Date "2016.08.25"]
[Round "7.15"]
[White "Egyed, Judit"]
[Black "Protopopova, Anastasiya"]
[Result "0-1"]
[WhiteElo "1979"]
[BlackElo "2108"]
[PlyCount "78"]
[EventDate "2016.08.18"]

1. e4 e5 2. Bc4 Nf6 3. d4 exd4 4. Nf3 Nc6 5. e5 d5 6. Bb5 Ne4 7. Nxd4 Bd7 8.
Bxc6 bxc6 9. O-O Bc5 10. f3 Ng5 11. f4 Ne4 12. Be3 O-O 13. Nd2 Nxd2 14. Qxd2 f6
15. Nf3 Bb6 16. Rae1 fxe5 17. Nxe5 Be8 18. c3 c5 19. f5 Qd6 20. Ng4 h5 21. Bg5
hxg4 22. Be7 Qh6 23. Qxh6 gxh6 24. Bxf8 Kxf8 25. Re6 h5 26. Rh6 Kg7 27. Re6 Bf7
28. f6+ Kf8 29. Re5 d4 30. Rg5 d3 31. Rg7 c4+ 32. Kh1 Rd8 33. Rh7 Bg8 34. Rxh5
d2 35. Rd1 Re8 36. Rf5 Re1+ 37. Rf1 Rxf1+ 38. Rxf1 Bh7 39. Rd1 Be3 0-1

[Event "European Youth Chess Championship G16"]
[Site "Prague, Top Hotel Prague"]
[Date "2016.08.25"]
[Round "7.16"]
[White "Henderson, de La Fuente Andrea"]
[Black "Koridze, Lile"]
[Result "0-1"]
[WhiteElo "2027"]
[BlackElo "1937"]
[PlyCount "112"]
[EventDate "2016.08.18"]

1. e4 c5 2. Nc3 d6 3. g3 Nc6 4. Bg2 g6 5. d3 Bg7 6. Be3 e6 7. Qd2 Rb8 8. Nge2
b5 9. O-O Nge7 10. Bh6 O-O 11. Bxg7 Kxg7 12. f4 b4 13. Nd1 d5 14. e5 d4 15. g4
Nd5 16. Ng3 Nce7 17. Ne4 Qc7 18. c3 dxc3 19. bxc3 c4 20. d4 bxc3 21. Ndxc3 Nxc3
22. Qxc3 Nd5 23. Qh3 h6 24. Nd6 Ne7 25. Be4 Qd8 26. Rad1 Rh8 27. Rf2 Ba6 28. f5
Nc8 29. fxe6 Nxd6 30. exd6 fxe6 31. Rdf1 Qxd6 32. Rf7+ Kg8 33. Qc3 Rh7 34. Bxg6
Rg7 35. Rxg7+ Kxg7 36. Bf7 Rf8 37. d5+ e5 38. Be6 Qc5+ 39. Kg2 Rxf1 40. Kxf1
Qd4 41. Qxd4 exd4 42. d6 Kf6 43. Bf5 c3+ 44. Ke1 d3 45. h4 d2+ 46. Kd1 Bb7 47.
Bd3 Bc6 48. Bc4 Ke5 49. h5 Kxd6 50. g5 hxg5 51. h6 Be4 52. Bf1 Ke6 53. Bg2 Bxg2
54. h7 Bf3+ 55. Kc2 d1=Q+ 56. Kxc3 Qa1+ 0-1

[Event "European Youth Chess Championship G16"]
[Site "Prague, Top Hotel Prague"]
[Date "2016.08.25"]
[Round "7.17"]
[White "Polterauer, Chiara"]
[Black "Scarpa, Silvia"]
[Result "1-0"]
[WhiteElo "2009"]
[BlackElo "1848"]
[PlyCount "85"]
[EventDate "2016.08.18"]

1. e4 c5 2. Nf3 d6 3. d4 cxd4 4. Nxd4 Nf6 5. Nc3 a6 6. f3 e5 7. Nb3 Be6 8. Be3
Be7 9. Qd2 Nbd7 10. O-O-O b5 11. Nd5 Bxd5 12. exd5 Nb6 13. Bxb6 Qxb6 14. Na5
Rc8 15. Nc6 Qc7 16. c3 Nxd5 17. Nxe7 Nxe7 18. Qxd6 O-O 19. Qxc7 Rxc7 20. Rd6
Nc6 21. Bd3 g6 22. Be4 Rfc8 23. Re1 b4 24. Rxc6 Rxc6 25. Bxc6 Rxc6 26. Rxe5
bxc3 27. b3 Rd6 28. Re2 Rd5 29. Kc2 Rc5 30. b4 Rc7 31. Kb3 a5 32. bxa5 Rc5 33.
Rc2 Rxa5 34. a4 Re5 35. Kxc3 Kg7 36. Ra2 h5 37. a5 Re8 38. a6 g5 39. a7 Ra8 40.
Kc4 g4 41. fxg4 hxg4 42. Kb5 f5 43. Kb6 1-0

[Event "European Youth Chess Championship G16"]
[Site "Prague, Top Hotel Prague"]
[Date "2016.08.25"]
[Round "7.18"]
[White "Waechter, Nathalie"]
[Black "Mirza, Diana"]
[Result "0-1"]
[WhiteElo "1993"]
[BlackElo "1925"]
[PlyCount "92"]
[EventDate "2016.08.18"]

1. d4 Nf6 2. c4 g6 3. Nc3 Bg7 4. e4 d6 5. Be2 O-O 6. Nf3 e5 7. d5 a5 8. h3 Na6
9. g4 Nc5 10. Qc2 Bd7 11. Be3 Ne8 12. Nd2 f5 13. gxf5 gxf5 14. Bxc5 dxc5 15.
exf5 Bxf5 16. Bd3 Nd6 17. Nce4 Nxe4 18. Bxe4 Qf6 19. O-O-O Bh6 20. Kb1 Bxd2 21.
Rxd2 Bxe4 22. Qxe4 Qf5 23. Rg1+ Kh8 24. Rg4 Rae8 25. Re2 h5 26. Qxf5 Rxf5 27.
Rg6 Kh7 28. Rg3 Kh6 29. Rb3 b6 30. d6 cxd6 31. Rxb6 Re6 32. Rb3 Rf4 33. Rc3
Ref6 34. Ra3 Rxf2 35. Rxf2 Rxf2 36. Rxa5 e4 37. Ra6 Rd2 38. Ra3 Kg5 39. Re3 Kf4
40. Re1 e3 41. a4 e2 42. Kc1 Ke3 43. Rh1 Kd3 44. a5 Rc2+ 45. Kb1 Rxc4 46. b3
Re4 0-1

[Event "European Youth Chess Championship G16"]
[Site "Prague, Top Hotel Prague"]
[Date "2016.08.25"]
[Round "7.19"]
[White "Silva, Ana Ines Teixeira Da"]
[Black "Shpanko, Nadiia"]
[Result "1/2-1/2"]
[WhiteElo "1781"]
[BlackElo "2102"]
[PlyCount "79"]
[EventDate "2016.08.18"]

1. e4 c5 2. Nc3 Nc6 3. g3 g6 4. Bg2 Bg7 5. d3 d6 6. f4 e6 7. Nf3 Nge7 8. O-O
O-O 9. Be3 Nd4 10. e5 Nef5 11. Bf2 Nxf3+ 12. Qxf3 Nd4 13. Qd1 dxe5 14. fxe5
Bxe5 15. Ne4 f5 16. Nxc5 Qc7 17. b4 Nb5 18. d4 Rd8 19. c3 Bg7 20. Qb3 Kh8 21.
a4 Nd6 22. Rfe1 Re8 23. Nxe6 Bxe6 24. Rxe6 Rxe6 25. Qxe6 Qxc3 26. Rb1 Bxd4 27.
Qxd6 Bxf2+ 28. Kxf2 Qc2+ 29. Kf3 Qe4+ 30. Kf2 Qc2+ 31. Kf3 Qxb1 32. Qf6+ Kg8
33. Qe6+ Kf8 34. Qf6+ Kg8 35. Qe6+ Kg7 36. Qe7+ Kh6 37. Qh4+ Kg7 38. Qe7+ Kh6
39. Qh4+ Kg7 40. Qe7+ 1/2-1/2

[Event "European Youth Chess Championship G16"]
[Site "Prague, Top Hotel Prague"]
[Date "2016.08.25"]
[Round "7.20"]
[White "Milovanova, Maria"]
[Black "Imperor, Amelie"]
[Result "1/2-1/2"]
[WhiteElo "2138"]
[BlackElo "1874"]
[PlyCount "121"]
[EventDate "2016.08.18"]

1. d4 Nf6 2. c4 c5 3. d5 e6 4. Nc3 exd5 5. cxd5 d6 6. e4 g6 7. f4 Bg7 8. Bb5+
Nfd7 9. Nf3 a6 10. Bd3 b5 11. O-O O-O 12. Kh1 Nb6 13. a3 Bg4 14. h3 Bxf3 15.
Qxf3 N8d7 16. Bd2 Ra7 17. Rae1 Re8 18. Nd1 c4 19. Bc2 Nc5 20. Bc3 Rae7 21. f5
Bxc3 22. Nxc3 Nbd7 23. Qf4 Kh8 24. Qh6 Rg8 25. e5 Nxe5 26. f6 Rd7 27. Ne4 Nxe4
28. Rxe4 Qf8 29. Qg5 h6 30. Rh4 Kh7 31. Rff4 Rh8 32. Rxh6+ Qxh6 33. Rh4 Qxh4
34. Qxh4+ Kg8 35. Qd4 Rb7 36. Bd1 Kf8 37. Bg4 Nxg4 38. Qxg4 Rc7 39. Qf4 Rd7 40.
Qe3 Rb7 41. g4 a5 42. Kg2 Kg8 43. Qg3 Rd7 44. Qf4 Kh7 45. g5 c3 46. bxc3 Rc7
47. Kf2 b4 48. axb4 axb4 49. Qxb4 Rc5 50. Qe4 Rxc3 51. Qe7 Rf8 52. h4 Kg8 53.
Qxd6 Rfc8 54. Qe5 Rc2+ 55. Ke3 R2c3+ 56. Kd2 Rc2+ 57. Kd3 R2c5 58. Qd4 Rc1 59.
Ke2 R1c2+ 60. Kd3 Rc1 61. Ke2 1/2-1/2

[Event "European Youth Chess Championship G16"]
[Site "Prague, Top Hotel Prague"]
[Date "2016.08.25"]
[Round "7.21"]
[White "Hrescak, Ivana"]
[Black "Gailiunaite, Saule"]
[Result "1/2-1/2"]
[WhiteElo "2007"]
[BlackElo "1844"]
[PlyCount "81"]
[EventDate "2016.08.18"]

1. d4 f5 2. Bg5 g6 3. Nc3 Bg7 4. h4 h6 5. Bf4 Nf6 6. e3 d6 7. Qf3 O-O 8. Bc4+
e6 9. Nge2 Qe8 10. O-O-O Nc6 11. a3 a6 12. Ba2 b5 13. e4 fxe4 14. Nxe4 Nd5 15.
Bxd5 exd5 16. N4c3 Ne7 17. Qe3 Nf5 18. Qd2 Kh7 19. g4 Ne7 20. Rhg1 a5 21. Be3
b4 22. Nb1 Rb8 23. axb4 Qb5 24. Nf4 Qxb4 25. Qxb4 axb4 26. c3 Bf6 27. g5 Bg7
28. h5 gxh5 29. Nxh5 hxg5 30. Nxg7 Kxg7 31. Bxg5 Ng6 32. Be3 Bf5 33. cxb4 Rxb4
34. Nc3 Ra8 35. Kd2 Rxb2+ 36. Ke1 c6 37. Rc1 Kf7 38. Rh1 Nf8 39. Ne2 Ra6 40.
Nf4 Ng6 41. Ne2 1/2-1/2

[Event "European Youth Chess Championship G16"]
[Site "Prague, Top Hotel Prague"]
[Date "2016.08.25"]
[Round "7.22"]
[White "Golub, Nikolina"]
[Black "Brunova, Blanka"]
[Result "0-1"]
[WhiteElo "1870"]
[BlackElo "1992"]
[PlyCount "100"]
[EventDate "2016.08.18"]

1. d4 Nf6 2. Nf3 g6 3. c4 Bg7 4. Nc3 O-O 5. e4 d6 6. Be2 Bg4 7. h3 Bxf3 8. Bxf3
Nfd7 9. Be3 Nc6 10. O-O e5 11. d5 Nd4 12. Nb5 Nxf3+ 13. Qxf3 f5 14. Nc3 Qe8 15.
Rfe1 f4 16. Bd2 Nf6 17. Qd3 h5 18. f3 g5 19. Nd1 g4 20. hxg4 hxg4 21. fxg4 Nxg4
22. Nf2 Nf6 23. Qf3 Nh5 24. Red1 Rf6 25. Be1 Rh6 26. Ng4 Rh7 27. b4 Qg6 28. c5
Bf6 29. Bf2 Rg7 30. Nxf6+ Nxf6 31. Re1 Ng4 32. Rab1 Rh7 33. Rb3 Rf8 34. Qe2 Nh2
35. Rf3 Rg7 36. Bh4 Qxg2+ 37. Qxg2 Nxf3+ 38. Kf1 Rxg2 39. Kxg2 Nxh4+ 40. Kf2 f3
41. Rh1 Rf4 42. cxd6 cxd6 43. Rc1 Rxe4 44. Rc8+ Kg7 45. Rd8 Re2+ 46. Kg3 f2 47.
Rd7+ Kg6 48. Rxd6+ Kg5 49. Rd8 f1=N+ 50. Kh3 Rh2# 0-1

[Event "European Youth Chess Championship G16"]
[Site "Prague, Top Hotel Prague"]
[Date "2016.08.25"]
[Round "7.23"]
[White "Yurovskikh, Yasmin"]
[Black "Khristenko, Anna"]
[Result "0-1"]
[WhiteElo "1842"]
[BlackElo "1957"]
[PlyCount "74"]
[EventDate "2016.08.18"]

1. e4 c5 2. Nf3 e6 3. c3 d5 4. e5 Nc6 5. d4 Qb6 6. Bd3 Nh6 7. O-O cxd4 8. cxd4
Bd7 9. Qe2 Nf5 10. Bxf5 exf5 11. Be3 Be7 12. Nc3 Be6 13. a3 Na5 14. Nd2 Rc8 15.
Rfc1 O-O 16. Na4 Qd8 17. Rxc8 Qxc8 18. Nc5 b6 19. Nd3 Qd7 20. Rd1 Rc8 21. Nb1
Nc4 22. Bc1 Na5 23. Nc3 Nb3 24. Be3 Rc4 25. Nc1 Nxc1 26. Rxc1 Qc8 27. Qd2 a6
28. Ne2 b5 29. Rxc4 Qxc4 30. h3 b4 31. axb4 Bxb4 32. Qd1 a5 33. b3 Qc6 34. Bd2
Bxd2 35. Qxd2 Qb5 36. Nf4 h6 37. Qc3 Kh7 0-1

[Event "European Youth Chess Championship G16"]
[Site "Prague, Top Hotel Prague"]
[Date "2016.08.25"]
[Round "7.24"]
[White "Vrtiakova, Anna"]
[Black "Nemeth, Noemi Anna"]
[Result "1-0"]
[WhiteElo "1952"]
[BlackElo "1690"]
[PlyCount "83"]
[EventDate "2016.08.18"]

1. e4 e5 2. Nf3 Nc6 3. d4 exd4 4. Nxd4 Bc5 5. Be3 Qf6 6. c3 Nge7 7. g3 O-O 8.
Bg2 Ne5 9. O-O Nc4 10. Bc1 Nc6 11. Ne2 N6e5 12. Nf4 c6 13. b3 Nd6 14. a4 b5 15.
b4 Bb6 16. Nd3 Ndc4 17. axb5 cxb5 18. Nxe5 Nxe5 19. Qd5 Rb8 20. Bf4 d6 21. Na3
Bb7 22. Qd2 a6 23. Rad1 Ng4 24. h3 Nxf2 25. Rxf2 Bxf2+ 26. Qxf2 Qxc3 27. Nc2
Rbc8 28. Ne3 Rfe8 29. Bxd6 Bxe4 30. Bxe4 Rxe4 31. Nd5 Qb3 32. Rd2 Rc1+ 33. Kg2
f6 34. Bc5 Rec4 35. Nxf6+ gxf6 36. Qxf6 Rg1+ 37. Bxg1 Rc2 38. Qd8+ Kf7 39. Qd7+
Kg6 40. Qg4+ Kf6 41. Bd4+ Ke7 42. Qe4+ 1-0

[Event "European Youth Chess Championship G16"]
[Site "Prague, Top Hotel Prague"]
[Date "2016.08.25"]
[Round "7.25"]
[White "Vlkova, Anezka"]
[Black "Nilssen, Ellen Fredericia"]
[Result "1-0"]
[WhiteElo "1823"]
[BlackElo "1947"]
[PlyCount "83"]
[EventDate "2016.08.18"]

1. e4 e6 2. d4 d5 3. Nc3 Bb4 4. e5 b6 5. Bd2 Bb7 6. f4 Nh6 7. Bd3 Nc6 8. Nf3
Qd7 9. a3 Be7 10. Qe2 O-O-O 11. b4 Nf5 12. Bxf5 exf5 13. O-O h6 14. Na2 Qe6 15.
b5 Nb8 16. Nb4 Kd7 17. Qd3 Ke8 18. Rae1 Kf8 19. g4 Bc8 20. Re2 fxg4 21. Ne1 Qf5
22. Qxf5 Bxf5 23. Ng2 g6 24. Ne3 Kg7 25. Nbxd5 Bxa3 26. Nxf5+ gxf5 27. Ne3 Kg6
28. Bc3 c5 29. d5 c4 30. Bd4 Bb4 31. c3 Ba5 32. d6 Rc8 33. Nd5 Rcd8 34. e6 Rhe8
35. e7 Rxd6 36. Nc7 Re6 37. Nxe6 fxe6 38. Rxe6+ Kf7 39. Rf6+ Kxe7 40. Re1+ Kd8
41. Rd6+ Nd7 42. Bf6+ 1-0

[Event "European Youth Chess Championship G16"]
[Site "Prague, Top Hotel Prague"]
[Date "2016.08.25"]
[Round "7.26"]
[White "Stashis, Anna"]
[Black "Nass, Sara"]
[Result "1/2-1/2"]
[WhiteElo "1926"]
[BlackElo "1814"]
[PlyCount "127"]
[EventDate "2016.08.18"]

1. e4 c5 2. c3 g6 3. d4 cxd4 4. cxd4 d5 5. exd5 Nf6 6. Bb5+ Nbd7 7. Nc3 Bg7 8.
d6 O-O 9. dxe7 Qxe7+ 10. Nge2 a6 11. Bd3 b5 12. O-O Bb7 13. Ng3 Qd6 14. Be3
Rfd8 15. Nce4 Qb4 16. Qd2 Nd5 17. Qxb4 Nxb4 18. Be2 Bxe4 19. Nxe4 Nc2 20. Rad1
Nb6 21. Bd3 Nxd4 22. Bg5 Rdc8 23. Nf6+ Bxf6 24. Bxf6 Ne6 25. Be4 Ra7 26. b3 Nd7
27. Bb2 Ndc5 28. Bb1 a5 29. f3 b4 30. Rc1 Rac7 31. Rc4 Nd7 32. Bd3 Rxc4 33.
Bxc4 Nb6 34. Bd3 a4 35. Rc1 a3 36. Rxc8+ Nxc8 37. Be5 Ne7 38. Bd6 Nc6 39. Bb5
Ned4 40. Bxc6 Nxc6 41. Kf2 f6 42. Ke3 Kf7 43. Kd3 Ke6 44. Bf8 Kd5 45. h4 f5 46.
f4 h6 47. Bxh6 Kc5 48. Bf8+ Kb5 49. Bd6 Na5 50. Bf8 Nc6 51. Bd6 Na5 52. Be7 Nc6
53. Bf6 Kc5 54. Bg7 Kb5 55. Ke3 Kc5 56. Bf8+ Kb5 57. Bd6 Kb6 58. Kd3 Kb5 59. g3
Na5 60. Ke3 Nc6 61. Kd3 Na5 62. Bf8 Nc6 63. Ke3 Kb6 64. Bd6 1/2-1/2